000 00298nam a22001337a 4500
008 170629b xxu||||| |||| 00| 0 eng d
020 _a9780075577348
041 _aeng
080 _22ND
_a82
100 _a22
101 _aGJL
245 _aA RHETORIC OF ARGUMENT
_cFAHNESTOCK,J
942 _2udc
_cBK
999 _c19551
_d19551